Cities in the United States - Sudden Death! - Statistics

General Stats
  • This quiz has been taken 114 times
  • The average score is 15 of 19
Answers on the Grid
Answers color-coded by a green-red scale on the quiz's grid according to % correct below.
Toronto
Mexico City
Kansas City
Vancouver
Phoenix
New York City
Washington, D.C.
Paris
Houston
Austin
San Antonio
Sacramento
Anchorage
New Orleans
Yellowknife
Philadelphia
Dallas
Detroit
Atlanta
Oaxaca
Puebla
Monterrey
Nassau
Victoria
Portland
Memphis
Honolulu
Las Vegas
Kingston
San Juan
Havana
Chicago
 
Answer Stats
Answer % Correct
Dallas
89%
New York City
89%
Houston
87%
New Orleans
85%
Phoenix
85%
Austin
83%
Detroit
81%
Kansas City
81%
Memphis
81%
Portland
81%
Washington, D.C.
81%
Atlanta
79%
Las Vegas
79%
Philadelphia
79%
Sacramento
77%
San Antonio
77%
Chicago
74%
Honolulu
64%
Anchorage
51%
No matching quizzes found
Score Distribution
Percent of People with Each Score
Percentile by Number Answered
Your Score History
You have not taken this quiz